000 00605nam a2200253Ia 4500
005 20260121153806.0
008 008 260114s9999 xx 000 0 eng d
020 _a9780203420263
037 _aEBOOK
040 _aCRL
040 _beng
040 _cCRL
041 _2eng
041 _aeng
084 _qCRL
100 _aPaulo Freire; Peter Leonard; Peter McLaren
_9999178
245 0 _aPaulo Freire
260 _bTaylor and Francis
260 _c1993
856 _uhttp://www.taylorfrancis.com/books/9780203420263
942 _cEBOOK
999 _c1565999
_d1565999